QCM animaux n°5 - Statistiques

Statistiques générales
  • Ce quiz a été pris 247 fois
  • Le résultat moyen est 9 sur 10
Statistiques - réponses
Question Réponse % Correct
Mammifère arboricole de l’Amérique du Sud, aux mouvements très lents. Un paresseux
100%
Mammifère insectivore volant, à ailes membraneuses. Une chauve-souris
97%
Petit rongeur à poil roux, à queue touffue. Un écureuil
97%
Mammifère insectivore au corps couvert de piquants. Un hérisson
97%
Mammifère ruminant dont le mâle porte des bois. Un cerf
93%
Grand mammifère des régions chaudes, portant une ou deux cornes médianes sur le museau. Un rhinocéros
93%
Oiseau échassier à long bec, au cou long et grêle. Un héron
90%
Mammifère ruminant d’Asie qui a deux bosses sur le dos. Un chameau
86%
Mammifère marsupial grimpeur d’Australie. Un koala
86%
Petit mammifère du genre martre. Une fouine
79%
Aucun quiz correspondant
Distribution des résultats
% des personnes avec chaque résultat
Percentile par nombre de réponses
Votre historique - résultats
Vous n’avez pas pris ce quiz